Canción Hispanoamericana : Entre Literatura y Folclore.

Uloženo v:
Podrobná bibliografie
Médium: Neznámo
Jazyk:Spanish
Vydáno: San José, Costa Rica : Editorial Nueva Década, c1988.
Témata:
Tagy: Přidat tag
Žádné tagy, Buďte první, kdo vytvoří štítek k tomuto záznamu!

MARC

LEADER 000000000a22000000004500
001 003164
041 0 |a spa 
082 0 4 |a 781.7   |b C215c 
245 0 0 |a Canción Hispanoamericana :   |b Entre Literatura y Folclore. 
260 1 |a San José, Costa Rica :   |b Editorial Nueva Década,   |c c1988. 
300 |a 92 páginas 
500 |a Estudio y selección de Guillermo Barzuna--Otro ejemplar con número de inscripción: 12973, donado por Gastón Gaínza 
650 4 |a CANCIONES FOLKLORICAS 
650 4 |a AMERICA LATINA 
650 4 |a MUSICA FOLKLORICA 
650 4 |a CANCION LATINOAMERICANA 
650 4 |a CANCION HISPANOAMERICANA 
999 |c 9459  |d 9459 
942 |c BK  |h 781.7 C215c  |2 z